005860000a22001930004500020001800000041000800018082001900026100002200045245005100067260002600118300001200144001000500156942000700161952011900168999001700287336002700304337003300331338002800364 a0-88344-152-70 aENG04aG 261.8 H2415g1 aHanks, Tomás D.10aGod so loved the third world / Thomas D. Hanks aNew York, USA : Orbis a152 Pag6930 cBK 001040708GENaFUSBCbFUSBCd2005-01-05l0oG 261.8 H2415g p13891r2019-12-12 00:00:00t1w2016-01-26yBKB0C3 c37177d37177 atextobtxt2rdacontent 2rdamediaasin mediaciónbn 2rdacarrieravolumenbnc